Treasury of tales : (Record no. 550187)

000 -LEADER
fixed length control field 00543cam a22001691a 4500
020 ## - INTERNATIONAL STANDARD BOOK NUMBER
International Standard Book Number 8174901973
082 ## - DEWEY DECIMAL CLASSIFICATION NUMBER
Classification number 808.831
Author Mark DHI
245 02 - TITLE STATEMENT
Title Treasury of tales :
Remainder of title containing one hundred choice stories
Statement of responsibility, etc. by the best American and foreign authors.
260 ## - PUBLICATION, DISTRIBUTION, ETC.
Place of publication, distribution, etc. New York :
Name of publisher, distributor, etc. Caxton Book Co.,
300 ## - PHYSICAL DESCRIPTION
Extent 23P.
Other physical details ill. ;
Dimensions 29 cm.
500 ## - GENERAL NOTE
General note Imperfect: t.-p. wanting.
526 ## - STUDY PROGRAM INFORMATION NOTE
Program name 0
Interest level 0
Reading level 0
Title point value 808_831000000000000_DHI
526 ## - STUDY PROGRAM INFORMATION NOTE
Program name 0
Interest level 0
Reading level 0
Title point value 808_831000000000000_DHI
650 ## - SUBJECT ADDED ENTRY--TOPICAL TERM
Topical term or geographic name entry element MCE
9 (RLIN) 379
700 1# - ADDED ENTRY--PERSONAL NAME
Personal name Swinton, William,
9 (RLIN) 46907
942 ## - ADDED ENTRY ELEMENTS (KOHA)
Source of classification or shelving scheme
Koha item type Book
Holdings
Withdrawn status Lost status Source of classification or shelving scheme Damaged status Not for loan Permanent Location Current Location Date acquired Total Checkouts Full call number Barcode Date last seen Price effective from Koha item type
          Military College of Engineering (MCE) Military College of Engineering (MCE) 10/27/2014   808.831 DHI MCE-44710 10/27/2014 10/27/2014 Book
          Military College of Engineering (MCE) Military College of Engineering (MCE) 10/27/2014   808.831 DHI MCE-44711 10/27/2014 10/27/2014 Book
© 2023 Central Library, National University of Sciences and Technology. All Rights Reserved.